Polskie postacie historyczne - Statystyki

Ogólne statystyki
  • Ten quiz został rozwiązany 487 razy
  • Średni wynik to 21 z 50
Statystyki odpowiedzi
Obrazkowy Odpowiedź % Poprawnych
Mikołaj Kopernik
89%
Adam Mickiewicz
86%
Bolesław Chrobry
86%
Jan Paweł II
85%
Maria Skłodowska-Curie
85%
Fryderyk Chopin
77%
Tadeusz Kościuszko
74%
Wisława Szymborska
74%
Roman Dmowski
68%
Henryk Sienkiewicz
66%
Józef Piłsudski
64%
Władysław Jagiełło
64%
Lech Wałęsa
63%
Zbigniew Boniek
63%
Witold Pilecki
60%
Jan Sobieski
59%
Jan Matejko
55%
Edward Gierek
54%
Roman Polański
54%
Andrzej Gołota
53%
Tadeusz Mazowiecki
52%
Stefan Batory
49%
Kazimierz Deyna
48%
Józef Haller
47%
Jadwiga Andegaweńska
44%
Józef Poniatowski
37%
Stanisław Lem
37%
Władysław Anders
35%
Julian Tuwim
34%
Gabriel Narutowicz
33%
Janusz Korczak
31%
Zbigniew Religa
29%
Józef Bem
28%
Stanisław Moniuszko
26%
Pola Negri
25%
Święty Wojciech
19%
Józef Beck
16%
Witold Gombrowicz
16%
Ryszard Kukliński
15%
Andrzej Wajda
14%
Maciej Rataj
9%
Stanisław Maczek
8%
Leopold Okulicki
5%
Ernest Malinowski
4%
Krystyna Skarbek
4%
Stefan Banach
4%
Casanova
2%
Tadeusz Rozwandowski
2%
Henryk Jordan
1%
Maksymilian Faktorowicz
1%
Nie znaleziono quizów pasujących do podanych kryteriów
Rozkład punktacji
Procent ludzi z każdym wynikiem
Percentyl według liczby udzielonych odpowiedzi
Twoja historia wyników
Nie rozwiązałeś tego quizu